|
|
|
|
| LEADER |
02138pam a22004817a 4500 |
| 001 |
AALProQuestebook000023 |
| 003 |
BD-DhAAL |
| 005 |
20230907105752.0 |
| 006 |
m||||||||d|||||||| |
| 007 |
cr|||||||||||| |
| 008 |
220102s2019 enk\\\\\o\\\\\000\0\eng\d |
| 010 |
|
|
|a 2018967382
|
| 020 |
|
|
|a 9781786438546
|
| 020 |
|
|
|z 9781786438553 (eBook)
|
| 035 |
|
|
|a (MiAaPQ)EBC5741329
|
| 035 |
|
|
|a (Au-PeEL)EBL5741329
|
| 035 |
|
|
|a (OCoLC)1090728323
|
| 040 |
|
|
|a MiAaPQ
|b eng
|e rda
|c MiAaPQ
|d DLC
|d BD-DhAAL
|
| 042 |
|
|
|a pcc
|
| 050 |
0 |
0 |
|a KZ6471
|b .S277 2019
|
| 082 |
|
|
|2 23
|a 341.67
|
| 100 |
1 |
|
|a Sassòli, Marco,
|e author.
|9 43908
|
| 245 |
1 |
0 |
|a International humanitarian law
|h [electronic resource] :
|b rules, controversies, and solutions to problems arising in warfare /
|c Marco Sassòli ; with the assistance of Patrick S. Nagler.
|
| 260 |
|
|
|a Cheltenham, UK ;
|a Northampton, MA :
|b Edward Elgar Publishing,
|c 2019
|
| 300 |
|
|
|a 1 online resource (718 pages).
|
| 490 |
0 |
|
|a Principles of international law
|
| 500 |
|
|
|a <strong>Off-Campus Access:</strong> Athens ID and Password Required
|
| 500 |
|
|
|a <strong>On-Campus Access:</strong> No User ID or Password Required
|
| 500 |
|
|
|a Access type: Perpetual access for 03 users
|
| 526 |
|
|
|a ARC
|x Dr. Imon Chowdhooree
Assistant Professor
|
| 538 |
|
|
|a Mode of access: Internet
|
| 541 |
|
|
|a ProQuest
|h USD 375
|
| 650 |
|
0 |
|a Humanitarian law.
|9 43909
|
| 650 |
|
0 |
|a War victims
|x Legal status, laws, etc.
|9 43910
|
| 650 |
|
0 |
|a International law and human rights.
|9 43911
|
| 655 |
|
|
|a Electronic books.
|
| 700 |
1 |
|
|a Nagler, Patrick,
|e author.
|9 43913
|
| 710 |
|
|
|a ProQuest (Firm).
|9 43928
|
| 852 |
|
|
|a Ayesha Abed Library
|
| 856 |
|
|
|z Full text available on ProQuest
|u https://ebookcentral.proquest.com/lib/bracu/detail.action?docID=5741329
|
| 942 |
|
|
|2 ddc
|c EBK
|
| 999 |
|
|
|c 43391
|d 43391
|
| 952 |
|
|
|0 0
|1 0
|2 ddc
|4 0
|6 341_670000000000000_SAS
|7 0
|9 69648
|a BRACUL
|b BRACUL
|d 2022-01-02
|e ProQuest
|g 32140.48
|l 0
|o 341.67 SAS
|r 2022-01-02
|t 1
|w 2022-01-02
|y EBK
|x As discussed with Acquisition team, according to invoice date (23.12.2021) of the E-book, converted USD 375 to BDT 32,140.48.
|